[Event "Wroclaw op-B"]
[Site "Wroclaw"]
[Date "2024.08.14"]
[Round "9"]
[White "Kaczmarska, Joanna"]
[Black "Reiche, Niccolo"]
[Result "1/2-1/2"]
[WhiteElo "1921"]
[BlackElo "2055"]
[PlyCount "56"]
[EventDate "2024.08.08"]
[EventType "swiss"]
[EventRounds "9"]
[EventCountry "POL"]
[SourceTitle "EXT 2025"]
[Source "ChessBase"]
[SourceDate "2024.10.14"]
[SourceVersion "1"]
[SourceVersionDate "2024.10.14"]
[SourceQuality "1"]

1. d4 e6 2. c4 Nf6 3. g3 d5 4. Bg2 Be7 5. Nf3 0-0 6. 0-0 c5 7. cxd5 exd5 8. dxc5 Na6 9. Nc3 Nxc5 10. Bg5 Nce4 11. Nxe4 dxe4 12. Nd2 h6 13. Be3 Ng4 14. Nxe4 Nxe3 15. fxe3 Qb6 16. Qd4 Qb5 17. Nc3 Qxb2 18. Nd5 Qa3 19. Nxe7+ Qxe7 20. Rab1 a5 21. Bd5 Ra6 22. Rb6 Rxb6 23. Qxb6 Be6 24. Bxe6 Qxe6 25. Qxe6 fxe6 26. Rb1 Rd8 27. Rxb7 Rd2 28. Kf2 Kf8 1/2-1/2

[Event "Wroclaw op-B"]
[Site "Wroclaw"]
[Date "2024.08.09"]
[Round "2"]
[White "Popczynska, Maja"]
[Black "Kaczmarska, Joanna"]
[Result "0-1"]
[WhiteElo "1805"]
[BlackElo "1921"]
[PlyCount "53"]
[EventDate "2024.08.08"]
[EventType "swiss"]
[EventRounds "9"]
[EventCountry "POL"]
[SourceTitle "EXT 2025"]
[Source "ChessBase"]
[SourceDate "2024.10.14"]
[SourceVersion "1"]
[SourceVersionDate "2024.10.14"]
[SourceQuality "1"]

1. e4 e5 2. Nf3 Nf6 3. Nxe5 d6 4. Nf3 Nxe4 5. Nc3 Nxc3 6. dxc3 Be7 7. Be3 0-0 8. Qd2 Be6 9. Nd4 Bd7 10. 0-0-0 c5 11. Nb3 a5 12. Kb1 a4 13. Nc1 a3 14. b3 b5 15. f3 Qa5 16. c4 Qb6 17. Bg5 Bxg5 18. Qxg5 bxc4 19. Bxc4 Ra4 20. Qd5 Bc6 21. Qd3 d5 22. Bxd5 Rd4 23. Qf5 c4 24. Qe5 Rxd5 25. Rxd5 Bxd5 26. Qxd5 Qf6 27. Qd1 0-1

[Event "POL-chT 2nd League"]
[Site "Jastrzebia Gora"]
[Date "2023.09.08"]
[Round "7.6"]
[White "Michalska, Aleksandra"]
[Black "Kaczmarska, Joanna"]
[Result "1-0"]
[WhiteElo "1844"]
[BlackElo "1866"]
[PlyCount "71"]
[EventDate "2023.09.02"]
[EventType "team-swiss"]
[EventRounds "9"]
[EventCountry "POL"]
[SourceTitle "CBM 216 Extra"]
[Source "ChessBase"]
[SourceDate "2023.11.30"]
[SourceVersion "1"]
[SourceVersionDate "2023.11.30"]
[SourceQuality "1"]
[WhiteTeam "Zielonka Zieloni"]
[BlackTeam "Ostrow Wielkopolski"]
[WhiteTeamCountry "POL"]
[BlackTeamCountry "POL"]

1. e4 e5 2. Nf3 Nf6 3. Nc3 Nc6 4. Bb5 Nd4 5. Nxd4 exd4 6. e5 dxc3 7. exf6 cxd2+ 8. Bxd2 Qxf6 9. 0-0 Be7 10. Bc3 Qg5 11. Re1 0-0 12. Re5 Qf6 13. Qe2 Bd6 14. Rh5 Qe6 15. Qd3 h6 16. Qd4 Qg6 17. Bd3 c5 18. Qh4 f5 19. Re1 b6 20. Qh3 Qg4 21. Rxh6 Qxh3 22. Rxh3 Bb7 23. Bc4+ Rf7 24. Rd3 Kf8 25. Bxf7 Kxf7 26. Rxd6 Bc6 27. f4 Rd8 28. Be5 b5 29. Re3 b4 30. Rg3 Rg8 31. Rdg6 Re8 32. Rxg7+ Ke6 33. R3g6+ Kd5 34. Rd6+ Ke4 35. Rg3 Bb5 36. Kf2 1-0

[Event "POL-chT 2nd League"]
[Site "Jastrzebia Gora"]
[Date "2023.09.04"]
[Round "3.24"]
[White "Krzywnicka, Maria"]
[Black "Kaczmarska, Joanna"]
[Result "0-1"]
[WhiteElo "1835"]
[BlackElo "1866"]
[PlyCount "129"]
[EventDate "2023.09.02"]
[EventType "team-swiss"]
[EventRounds "9"]
[EventCountry "POL"]
[SourceTitle "CBM 216 Extra"]
[Source "ChessBase"]
[SourceDate "2023.11.30"]
[SourceVersion "1"]
[SourceVersionDate "2023.11.30"]
[SourceQuality "1"]
[WhiteTeam "Koszalin Hetman"]
[BlackTeam "Ostrow Wielkopolski"]
[WhiteTeamCountry "POL"]
[BlackTeamCountry "POL"]

1. e4 d5 2. exd5 Qxd5 3. Nf3 Nf6 4. d4 Bg4 5. Be2 Nc6 6. c4 Qd7 7. 0-0 Bxf3 8. Bxf3 Nxd4 9. Bxb7 Rb8 10. Bf3 c5 11. Nc3 e6 12. b3 Bd6 13. Be3 0-0 14. g3 e5 15. Bg2 Ng4 16. h3 Nf6 17. f4 Nf5 18. Qf3 Nh5 19. Bf2 exf4 20. Qxh5 fxg3 21. Be1 Ne3 22. Rf3 Nc2 23. Rd1 Nd4 24. Bxg3 f5 25. Bxd6 Qxd6 26. Rfd3 g6 27. Qg5 a6 28. h4 Kg7 29. h5 Rf6 30. h6+ Kf8 31. Re1 Rf7 32. Rde3 f4 33. Ne4 Qc7 34. Rf3 Nxf3+ 35. Bxf3 Rf5 36. Qg2 Qe7 37. Rd1 Qh4 38. Qd2 Re8 39. Qd6+ Qe7 40. Qxa6 Re5 41. Qf6+ Kg8 42. Qxe7 R8xe7 43. Rd8+ Kf7 44. Nd6+ Kf6 45. Rf8+ Ke6 46. Nc8 Rg5+ 47. Kf2 Rc7 48. Bd5+ Ke5 49. a4 Rh5 50. Re8+ Kf6 51. Nd6 Rxh6 52. Re6+ Kg5 53. a5 Rh2+ 54. Bg2 Ra7 55. Kg1 Rh5 56. a6 Kg4 57. Nc8 Rd7 58. Rd6 Rc7 59. Rc6 Rd7 60. a7 Rd1+ 61. Kf2 Rd2+ 62. Kf1 Ra2 63. Rf6 Ra1+ 64. Kf2 Rh2 65. Nb6 0-1

[Event "Wroclaw Black Horse op-B 1st"]
[Site "Wroclaw"]
[Date "2023.02.21"]
[Round "8"]
[White "Kaczmarska, Joanna"]
[Black "Krzyzosiak, Anna"]
[Result "1-0"]
[WhiteElo "1908"]
[BlackElo "1483"]
[PlyCount "75"]
[EventDate "2023.02.18"]
[EventType "swiss"]
[EventRounds "10"]
[EventCountry "POL"]
[SourceTitle "EXT 2024"]
[Source "ChessBase"]
[SourceDate "2023.10.10"]
[SourceVersion "1"]
[SourceVersionDate "2023.10.10"]
[SourceQuality "1"]

1. Nf3 Nf6 2. g3 g6 3. Bg2 Bg7 4. 0-0 c5 5. d3 0-0 6. e4 d6 7. Nbd2 Nc6 8. h3 e5 9. Re1 h6 10. c3 Be6 11. Qe2 Qd7 12. Kh2 b5 13. Nh4 Nh5 14. Nf5 gxf5 15. Qxh5 fxe4 16. dxe4 f5 17. exf5 Rxf5 18. Qh4 d5 19. Nb3 Qf7 20. g4 Rxf2 21. Be3 Rxg2+ 22. Kxg2 d4 23. Rf1 Bd5+ 24. Kh2 Qg6 25. Bd2 Qd6 26. Qg3 Rf8 27. g5 h5 28. g6 Ne7 29. Rxf8+ Bxf8 30. cxd4 Nf5 31. dxc5 Qd7 32. Qxe5 Bxb3 33. Bc3 Bg7 34. Qb8+ Bf8 35. g7 Nxg7 36. Rg1 Kh7 37. Qxf8 Qc7+ 38. Qd6 1-0

[Event "Warsaw-ch op"]
[Site "Warsaw"]
[Date "2022.12.07"]
[Round "7"]
[White "Kaczmarska, Joanna"]
[Black "Praczukowski, Stanislaw"]
[Result "0-1"]
[WhiteElo "1948"]
[BlackElo "2114"]
[PlyCount "84"]
[EventDate "2022.12.03"]
[EventType "swiss"]
[EventRounds "9"]
[EventCountry "POL"]
[SourceTitle "EXT 2024"]
[Source "ChessBase"]
[SourceDate "2023.10.10"]
[SourceVersion "1"]
[SourceVersionDate "2023.10.10"]
[SourceQuality "1"]

1. Nf3 d5 2. c4 e6 3. e3 Nf6 4. b3 c6 5. Be2 Bd6 6. Bb2 0-0 7. 0-0 Nbd7 8. Nc3 b6 9. d3 Bb7 10. e4 c5 11. cxd5 exd5 12. Nb5 Bb8 13. e5 Ng4 14. d4 a6 15. Nd6 Bxd6 16. exd6 Qb8 17. Nh4 Nh6 18. f4 Qxd6 19. g4 f6 20. Qd3 Rfe8 21. Bf3 Kh8 22. Bc1 c4 23. bxc4 dxc4 24. Qxc4 Bxf3 25. Rxf3 Re1+ 26. Kf2 Rae8 27. Ba3 R1e2+ 28. Kg3 Qb8 29. Qd5 Nf8 30. Nf5 Nxf5+ 31. gxf5 R2e3 32. Rg1 Qc7 33. Rc1 Rxf3+ 34. Kxf3 Qa7 35. Bd6 Rd8 36. Ke4 Qd7 37. Rc6 Qe8+ 38. Kd3 Qe1 39. Rxb6 Re8 40. Kc4 Re3 41. Qf7 Rc3+ 42. Kd5 Qh1# 0-1

[Event "Warsaw Szansa op"]
[Site "Warsaw"]
[Date "2022.09.17"]
[Round "2"]
[White "Jarmula, Lukasz"]
[Black "Kaczmarska, Joanna"]
[Result "1-0"]
[WhiteElo "2457"]
[BlackElo "1948"]
[PlyCount "85"]
[EventDate "2022.09.17"]
[EventType "swiss (rapid)"]
[EventRounds "11"]
[EventCountry "POL"]
[SourceTitle "EXT 2023"]
[Source "ChessBase"]
[SourceDate "2022.10.05"]
[SourceVersion "1"]
[SourceVersionDate "2022.10.05"]
[SourceQuality "1"]

1. d4 f5 2. Nc3 Nf6 3. Bg5 d5 4. e3 e6 5. Nf3 h6 6. Bxf6 Qxf6 7. Ne5 h5 8. Be2 g6 9. 0-0 Nd7 10. Nb5 Kd8 11. f4 a6 12. Nc3 Nxe5 13. dxe5 Qf7 14. e4 Bc5+ 15. Kh1 c6 16. Na4 Ba7 17. exd5 exd5 18. c4 b5 19. cxd5 bxa4 20. Bf3 Qd7 21. d6 Rb8 22. Re1 Re8 23. Qxa4 Rxb2 24. Qa5+ Bb6 25. Qc3 Rb5 26. Rad1 Ba5 27. Qe3 Bxe1 28. Qxe1 Bb7 29. a4 Rb3 30. Be2 Re3 31. Qa5+ Kc8 32. Bxa6 Rb3 33. Bc4 Rb2 34. Qc3 Rb6 35. a5 c5 36. axb6 Rd8 37. Qa3 Qc6 38. Be6+ Rd7 39. Qg3 Qa4 40. Rg1 Bc6 41. Qxg6 h4 42. Bxd7+ Kxd7 43. Qf7+ 1-0

[Event "Krakow Malopolski Cup"]
[Site "Krakow"]
[Date "2022.08.05"]
[Round "3"]
[White "Kaczmarska, Joanna"]
[Black "Cieslak, Patryk"]
[Result "0-1"]
[WhiteElo "1939"]
[BlackElo "2034"]
[PlyCount "108"]
[EventDate "2022.08.04"]
[EventType "swiss"]
[EventRounds "9"]
[EventCountry "POL"]
[SourceTitle "CBM 209 Extra"]
[Source "ChessBase"]
[SourceDate "2022.09.30"]
[SourceVersion "1"]
[SourceVersionDate "2022.09.30"]
[SourceQuality "1"]

1. Nf3 c5 2. g3 Nc6 3. Bg2 g6 4. 0-0 Bg7 5. d3 e6 6. c4 Nge7 7. Nc3 0-0 8. Bg5 h6 9. Be3 d6 10. d4 Nf5 11. d5 Nxe3 12. fxe3 exd5 13. cxd5 Ne5 14. Nxe5 Bxe5 15. Qd2 Bd7 16. e4 Qg5 17. e3 h5 18. Rf4 b5 19. Raf1 a5 20. Qf2 Qe7 21. Rh4 b4 22. Ne2 Bxb2 23. Nd4 Bc3 24. Nc6 Bxc6 25. dxc6 Be5 26. g4 hxg4 27. Rxg4 Kg7 28. h4 Rh8 29. Rg5 Bf6 30. e5 Bxg5 31. exd6 Bxe3 32. dxe7 Bxf2+ 33. Rxf2 Ra7 34. Rc2 Rxe7 35. Rxc5 Ra8 36. Kf2 Kf6 37. Rb5 Raa7 38. Bf3 Re5 39. Rb6 Rc7 40. Ra6 Ke6 41. Ra8 Kd6 42. Rd8+ Kc5 43. Rd7 Kb6 44. Rd8 Rxc6 45. Bxc6 Kxc6 46. Rf8 Rf5+ 47. Ke3 Kb5 48. Ke4 Ka4 49. h5 Rxh5 50. Rxf7 Rh2 51. Rg7 Rxa2 52. Rxg6 Rd2 53. Ke3 Rd8 54. Rg4 Ka3 0-1

[Event "Krakow Malopolski Cup"]
[Site "Krakow"]
[Date "2022.08.04"]
[Round "2"]
[White "Golda, Sebastian"]
[Black "Kaczmarska, Joanna"]
[Result "0-1"]
[WhiteElo "2085"]
[BlackElo "1939"]
[PlyCount "70"]
[EventDate "2022.08.04"]
[EventType "swiss"]
[EventRounds "9"]
[EventCountry "POL"]
[SourceTitle "CBM 209 Extra"]
[Source "ChessBase"]
[SourceDate "2022.09.30"]
[SourceVersion "1"]
[SourceVersionDate "2022.09.30"]
[SourceQuality "1"]

1. e4 e5 2. Nf3 Nc6 3. Bc4 Bc5 4. d3 Nf6 5. Nbd2 d5 6. exd5 Nxd5 7. Ne4 Be7 8. 0-0 0-0 9. h3 Kh8 10. Re1 a6 11. Bb3 h6 12. Ng3 Bc5 13. Nxe5 Nxe5 14. Rxe5 Bxf2+ 15. Kxf2 Qf6+ 16. Qf3 Qxe5 17. Bxd5 Be6 18. Bxb7 Qc5+ 19. Be3 Qxc2+ 20. Kg1 Qxb2 21. Rc1 Rad8 22. Bxa6 f5 23. Ne2 Bd5 24. Qf2 Qxa2 25. Bb5 Qb3 26. Nd4 Qb4 27. Bc4 f4 28. Bd2 Qb2 29. Bxd5 Rxd5 30. Ne6 Rxd3 31. Bxf4 Qxc1+ 32. Kh2 Qa3 33. Qe2 Re8 34. Qe5 Qe7 35. Bxh6 Kg8 0-1

[Event "Krakow op-A 29th"]
[Site "Krakow"]
[Date "2019.01.04"]
[Round "9"]
[White "Kaczmarska, Joanna"]
[Black "Golenia, Jan"]
[Result "1-0"]
[WhiteElo "1980"]
[BlackElo "2059"]
[PlyCount "63"]
[EventDate "2018.12.27"]
[EventType "swiss"]
[EventRounds "9"]
[EventCountry "POL"]
[SourceTitle "CBM 189 Extra"]
[Source "ChessBase"]
[SourceDate "2019.05.31"]
[SourceVersion "1"]
[SourceVersionDate "2019.05.31"]
[SourceQuality "1"]

1. d4 Nf6 2. c4 c5 3. d5 b5 4. cxb5 a6 5. b6 g6 6. Qb3 Bb7 7. Nc3 d6 8. a4 a5 9. e4 Nbd7 10. Bb5 Bg7 11. Bc6 Bxc6 12. dxc6 Nxb6 13. Nd5 Nbxd5 14. exd5 Rb8 15. Qd3 Rb4 16. Ne2 Qb6 17. 0-0 Ng4 18. Bd2 Ne5 19. Qh3 Rxb2 20. Bc3 Rb3 21. f4 0-0 22. fxe5 Bxe5 23. Bxa5 Bxh2+ 24. Qxh2 Qxa5 25. Qf4 Qa6 26. Qe4 Rb4 27. Qxe7 Qd3 28. Rad1 Qc2 29. c7 Re4 30. Qxf8+ Kxf8 31. c8Q+ Kg7 32. Rxf7+ 1-0

[Event "Krakow op-A 29th"]
[Site "Krakow"]
[Date "2018.12.31"]
[Round "6"]
[White "Skawinski, Arkadiusz"]
[Black "Kaczmarska, Joanna"]
[Result "1-0"]
[WhiteElo "2419"]
[BlackElo "1980"]
[PlyCount "129"]
[EventDate "2018.12.27"]
[EventType "swiss"]
[EventRounds "9"]
[EventCountry "POL"]
[SourceTitle "CBM 189 Extra"]
[Source "ChessBase"]
[SourceDate "2019.05.31"]
[SourceVersion "1"]
[SourceVersionDate "2019.05.31"]
[SourceQuality "1"]

1. e4 e6 2. d4 d5 3. e5 c5 4. c3 Nc6 5. Nf3 Qb6 6. a3 c4 7. Nbd2 Na5 8. Be2 Bd7 9. Rb1 Qc7 10. 0-0 Ne7 11. Re1 Nc8 12. Nf1 Nb6 13. Qd2 0-0-0 14. Ng3 h6 15. Nh5 Rg8 16. Bd1 Be7 17. Qf4 Rdf8 18. Qg3 g6 19. Nf6 Bxf6 20. exf6 g5 21. Ne5 Qd8 22. Qf3 Ba4 23. Bxa4 Nxa4 24. h4 Nb6 25. Ng4 h5 26. Ne5 g4 27. Qf4 Nd7 28. Nxd7 Kxd7 29. Re5 Rg6 30. Rxh5 Qxf6 31. Qxf6 Rxf6 32. Rg5 Rg6 33. Rxg6 fxg6 34. Be3 Rh8 35. Bg5 Nc6 36. Kh2 Rf8 37. Be3 e5 38. dxe5 b6 39. Kg3 Nxe5 40. Re1 Nd3 41. Re2 Re8 42. Kxg4 Nxf2+ 43. Rxf2 Rxe3 44. Kf4 Re4+ 45. Kg5 d4 46. cxd4 b5 47. g4 a5 48. d5 b4 49. axb4 axb4 50. Rg2 c3 51. bxc3 bxc3 52. Kxg6 c2 53. Rxc2 Rxg4+ 54. Kh5 Rd4 55. Rc5 Kd6 56. Ra5 Rd1 57. Kh6 Rh1 58. h5 Ke5 59. Kg6 Rg1+ 60. Kh7 Rh1 61. Kg6 Rg1+ 62. Kf7 Rf1+ 63. Ke7 Re1 64. d6+ Kf4+ 65. Kd8 1-0

[Event "POL-ch rapid"]
[Site "Zgierz"]
[Date "2018.03.04"]
[Round "1"]
[White "Gajewski, Grzegorz"]
[Black "Kaczmarska, Joanna"]
[Result "1-0"]
[WhiteElo "2588"]
[BlackElo "1979"]
[PlyCount "51"]
[EventDate "2018.03.04"]
[EventType "swiss (rapid)"]
[EventRounds "9"]
[EventCountry "POL"]
[SourceTitle "CBM 183 Extra"]
[Source "ChessBase"]
[SourceDate "2018.04.19"]
[SourceVersion "1"]
[SourceVersionDate "2018.04.19"]
[SourceQuality "1"]

1. e4 e6 2. d4 d5 3. Bd3 Nf6 4. exd5 exd5 5. Nf3 Be7 6. h3 c6 7. 0-0 0-0 8. Re1 h6 9. Bf4 Be6 10. Nbd2 Re8 11. Ne5 Qc8 12. g4 Nh7 13. Bg3 c5 14. c3 Nc6 15. Ndf3 Ng5 16. Nxg5 hxg5 17. Rc1 Nxe5 18. Bxe5 c4 19. Bb1 g6 20. Qd2 Qd8 21. Re3 f6 22. Bc7 Qxc7 23. Rxe6 Kf7 24. Rce1 Qd7 25. Qc2 Qxe6 26. Qxg6+ 1-0

[Event "Wch U16 Girls"]
[Site "Montevideo"]
[Date "2017.09.23"]
[Round "8"]
[White "Kaczmarska, Joanna"]
[Black "Maltsevskaya, Aleksandra"]
[Result "0-1"]
[WhiteElo "2066"]
[BlackElo "2271"]
[PlyCount "98"]
[EventDate "2017.09.17"]
[EventType "swiss"]
[EventRounds "11"]
[EventCountry "URU"]
[SourceTitle "CBM 180 Extra"]
[Source "ChessBase"]
[SourceDate "2017.10.06"]
[SourceVersion "1"]
[SourceVersionDate "2017.10.06"]
[SourceQuality "1"]

1. d4 Nf6 2. c4 g6 3. Nc3 Bg7 4. e4 d6 5. f4 c5 6. dxc5 Qa5 7. Bd3 Nfd7 8. Bd2 Nxc5 9. Bc2 Nc6 10. Nd5 Qd8 11. Bc3 Bxc3+ 12. Nxc3 0-0 13. Nge2 Bg4 14. Qd2 a6 15. a3 Na5 16. h3 Nxc4 17. Qd4 Bxe2 18. Nxe2 b5 19. b3 e5 20. Qc3 Nb6 21. 0-0 Rc8 22. Qd2 d5 23. f5 Nxe4 24. Bxe4 dxe4 25. Qh6 Nd5 26. Rad1 Qb6+ 27. Kh1 Qe3 28. Nf4 exf4 29. Rxd5 Rc1 30. Rdd1 Rxd1 31. Rxd1 Qc3 32. Qxf4 e3 33. Qf3 Re8 34. fxg6 hxg6 35. Rd7 Qxb3 36. Kh2 Qc4 37. Rd1 e2 38. Re1 a5 39. g3 Qe4 40. Qc3 Qe3 41. Qxa5 Qf2+ 42. Kh1 Re3 43. Qd8+ Kg7 44. Qd4+ f6 45. Qd7+ Kh6 46. Qd2 Qf3+ 47. Kg1 Qxg3+ 48. Kh1 Qxh3+ 49. Kg1 Qg3+ 0-1